Direitos autorais

Detalles Bibliográficos
Autor principal: Paranagu,̀ Pedro
Otros Autores: Branco, Sřgio
Formato: eBook
Lenguaje:portugués
Publicado: Rio de Janeiro : FGV - Direito Rio, 2009
Materias:
Acceso en línea:http://www.vlex.com/source/6828

MARC

LEADER 00000nam a22000007a 4500
005 20130129154944.0
007 cr|||| ||||
008 130129e2009 bl |||||s|||| 00||0 por d
020 |a 8522507430 
035 |a 6828 
040 |a vLex 
090 |c 3623  |d 3623 
100 1 0 |a Paranagu,̀ Pedro  
245 1 0 |a Direitos autorais  |h [Recurso electrn̤ico] 
256 |a Servicio en ln̕ea 
260 |a Rio de Janeiro :  |b FGV - Direito Rio,   |c 2009 
300 |a 1 Recurso electrn̤ico 
650 0 4 |a Derechos de autor  |z Brasil 
700 1 0 |a Branco, Sřgio 
740 |a vLex Libros (Servicio en ln̕ea) 
856 |a Acceso restringido  |u http://www.vlex.com/source/6828 
942 |c BOOK